Noli me tangere / (Record no. 288704)
[ view plain ]
| 000 -LEADER | |
|---|---|
| fixed length control field | 00271nam a22000977a 4500 |
| 008 - FIXED-LENGTH DATA ELEMENTS--GENERAL INFORMATION | |
| fixed length control field | 150921b xxu||||| |||| 00| 0 eng d |
| 020 ## - INTERNATIONAL STANDARD BOOK NUMBER | |
| International Standard Book Number | 9789712711633 |
| 050 ## - LIBRARY OF CONGRESS CALL NUMBER | |
| Classification number | PQ 8897.R5 |
| Item number | .G934 1995 |
| 245 ## - TITLE STATEMENT | |
| Title | Noli me tangere / |
| 260 ## - PUBLICATION, DISTRIBUTION, ETC. (IMPRINT) | |
| Place of publication, distribution, etc | Pasig City : |
| Name of publisher, distributor, etc | Guerrero Publishing, |
| Date of publication, distribution, etc | 1995. |
| Withdrawn status | Lost status | Source of classification or shelving scheme | Damaged status | Koha normalized classification for sorting | Location (home branch) | Sublocation or collection (holding branch) | Shelving location | Date acquired | Koha issues (times borrowed) | Koha renewals | Koha full call number | Piece designation (barcode) | Koha date last seen | Koha date last borrowed | Price effective from | Koha item type |
|---|---|---|---|---|---|---|---|---|---|---|---|---|---|---|---|---|
| Library of Congress Classification | PQ_08897_R5_G934_1995 | College Library | College Library | Filipiniana Section | 09/21/2015 | 7 | 3 | PQ 8897.R5 .G934 1995 | C1181 | 07/31/2019 | 07/30/2019 | 09/21/2015 | Books |